000 00423nam a22001697a 4500
999 _c532677
_d532677
003 NUST
005 20191128094313.0
008 191127b ||||| |||| 00| 0 eng d
027 _q B07C88JRXW
038 _aMSOHAIL
082 _a297 ISR
100 _aDr. Israr Ahmed
_926279
245 _aRise and Decline of Muslim Ummah .......\
260 _aLahore
_bMarkazi Anjuman
_cc2011
300 _ap; 44
942 _2ddc
_cBK